[Event "AUTO-ADV-4553"]
[Site "http://www.queenalice.com/game.php?id=1773151"]
[Date "2021.10.25"]
[Round "1"]
[White "forever"]
[Black "Eggchaser"]
[Result "0-1"]
[WhiteElo "1788"]
[BlackElo "1852"]

1. Nf3 Nf6 2. d4 d6 3. Nc3 g6 4. d5 Bg7 5. h3 O-O 6. e4 Re8 7. Bd3 e6 8. Bg5 h6
9. Be3 exd5 10. Nxd5 Nbd7 11. Rb1 c6 12. Nf4 Nxe4 13. O-O d5 14. Nd2 f5 15. f3
Ng3 16. Re1 Nf6 17. Nf1 Nxf1 18. Kxf1 d4 19. Bc1 Rxe1+ 20. Qxe1 g5 21. Bc4+ Nd5
22. Ne6 Qe7 23. Nc7 Qxc7 24. Qe8+ Kh7 25. Bd2 b6 26. Re1 Ne3+ 27. Bxe3 dxe3 28.
Rxe3 Bb7 29. Qe6 Rf8 30. Rd3 Bc8 31. Qe2 b5 32. Bb3 c5 33. c4 b4 34. Bc2 Bxb2
0-1

[Event "AUTO-ADV-4553"]
[Site "http://www.queenalice.com/game.php?id=1773160"]
[Date "2021.10.25"]
[Round "1"]
[White "Scharlatan"]
[Black "forever"]
[Result "1-0"]
[WhiteElo "2004"]
[BlackElo "1836"]

1. e4 e5 2. Nf3 d6 3. Bc4 h6 4. d4 exd4 5. Nxd4 Nf6 6. Nc3 c6 7. O-O b5 8. Bd3
c5 9. Nf3 c4 10. e5 dxe5 11. Qe2 cxd3 12. Qxe5+ Be7 13. Re1 Nc6 14. Qxb5 Bd7 15.
Qxd3 O-O 16. Bf4 Qc8 17. Ne5 Bf5 18. Qe3 Qb7 19. Nxc6 Ne4 20. Nxe4 Qxc6 21. Ng3
Bc5 22. Qc3 Bg6 23. Re7 Qb6 24. Be3 Rac8 25. Bxc5 Rxc5 26. Qb3 Qd6 27. Re2 Rd8
28. c3 Rd5 29. Rae1 h5 30. Ne4 Qf4 31. Qa4 Rd2 32. g3 Rxe2 33. Rxe2 Qf3 34. Re1
Bf5 35. Ng5 Qb7 36. Re8+ 1-0

[Event "AUTO-ADV-4553"]
[Site "http://www.queenalice.com/game.php?id=1773161"]
[Date "2021.10.25"]
[Round "1"]
[White "forever"]
[Black "Scharlatan"]
[Result "0-1"]
[WhiteElo "1847"]
[BlackElo "1975"]

1. Nf3 g5 2. e4 g4 3. Ne5 h5 4. Bc4 e6 5. d4 d6 6. Nd3 Bg7 7. c3 Nc6 8. Bf4 Nge7
9. Qd2 Na5 10. Bb5+ Bd7 11. Na3 a6 12. Bxd7+ Qxd7 13. Bg5 O-O-O 14. c4 Bxd4 15.
Qxa5 Nc6 16. Qa4 Rdg8 17. Bd2 f5 18. exf5 exf5 19. O-O-O Qg7 20. Qb3 Ne5 21. Nc2
Nxd3+ 22. Qxd3 Bxb2+ 23. Kb1 Be5 24. Ne3 f4 25. Nd5 c6 26. Nxf4 Qf6 27. g3 h4
28. Rde1 Ba1 29. Qb3 Bd4 30. Be3 Bxe3 31. Rxe3 hxg3 32. fxg3 Qf5+ 33. Kb2 Re8
34. Rhe1 Rxh2+ 35. Ka3 Qa5+ 0-1

[Event "AUTO-ADV-4555"]
[Site "http://www.queenalice.com/game.php?id=1773724"]
[Date "2021.11.1"]
[Round "1"]
[White "Canaye"]
[Black "forever"]
[Result "0-1"]
[WhiteElo "1784"]
[BlackElo "1778"]

1. d4 d5 2. c4 c6 3. Nc3 Bf5 4. cxd5 cxd5 5. h3 Nf6 6. Bf4 Nc6 7. e3 e6 8. Bb5
Qb6 9. Nge2 Ne4 10. Bxc6+ bxc6 11. O-O Bb4 12. Nxe4 Bxe4 13. Nc3 Bg6 14. Na4 Qd8
15. Rc1 Rc8 16. Nc5 O-O 17. a3 Ba5 18. b4 Bb6 19. Re1 a5 20. Nd3 f6 21. h4 Qe8
22. Bd6 Rf7 23. Nf4 Rd7 24. Bc5 Bc7 25. Nxg6 Qxg6 26. Qe2 e5 27. h5 Qg5 28. g3
e4 29. Kg2 f5 30. Rh1 Rf7 31. f4 Qf6 32. Rh2 Qh6 33. Rch1 Re8 34. g4 fxg4 35.
Qxg4 Bxf4 36. exf4 Rxf4 37. Qe2 Qg5+ 0-1

[Event "AUTO-ADV-4555"]
[Site "http://www.queenalice.com/game.php?id=1773725"]
[Date "2021.11.1"]
[Round "1"]
[White "forever"]
[Black "Canaye"]
[Result "1-0"]
[WhiteElo "1794"]
[BlackElo "1772"]

1. Nf3 e6 2. d4 d5 3. c4 c5 4. Nc3 Nc6 5. e4 cxd4 6. Nxd4 Bb4 7. Qf3 Bxc3+ 8.
bxc3 dxe4 9. Qxe4 Nge7 10. Bg5 h6 11. Bh4 Qa5 12. Qd3 Bd7 13. Be2 Rc8 14. Nb5
Rd8 15. Nd6+ Kf8 16. Nxb7 Qc7 17. Nxd8 Nxd8 18. Rd1 Ndc6 19. Qxd7 Qxd7 20. Rxd7
g5 21. Bg3 Kg7 22. Rc7 Rc8 23. Rxc8 Nxc8 24. O-O N6e7 25. c5 f5 26. f4 Nd5 27.
c4 Ne3 28. Re1 g4 29. Bf2 Nc2 30. Rb1 Kf6 31. Rb8 Ne7 32. Bh4+ Kf7 33. Rb7 Nd4
34. Rxe7+ Kf8 35. Bd1 Nc6 36. Rc7 Nd4 37. Rxa7 Nc6 38. Ra8+ Kf7 39. Ba4 Nd4 40.
c6 Ne2+ 41. Kf1 Nxf4 42. c7 1-0

[Event "AUTO-ADV-4555"]
[Site "http://www.queenalice.com/game.php?id=1773740"]
[Date "2021.11.1"]
[Round "1"]
[White "forever"]
[Black "Quanah4"]
[Result "1-0"]
[WhiteElo "1827"]
[BlackElo "1706"]

1. Nf3 c5 2. c4 g6 3. Nc3 Bg7 4. Ne4 b6 5. e3 Bb7 6. Qc2 Nf6 7. Bd3 O-O 8. O-O
e6 9. h4 d5 10. Nxf6+ Qxf6 11. Rb1 h5 12. b4 Nd7 13. Be2 Qe7 14. d4 cxd4 15. Re1
dxe3 16. Bxe3 Rac8 17. Nd4 e5 18. Nb5 d4 19. Bg5 f6 20. Bd2 a6 21. Na3 e4 22.
Qb3 Kh7 23. Qg3 f5 24. Qf4 d3 25. Bxd3 Be5 26. Qh6+ Kg8 27. Qxg6+ Qg7 28. Qxg7+
1-0

[Event "AUTO-ADV-4555"]
[Site "http://www.queenalice.com/game.php?id=1773741"]
[Date "2021.11.1"]
[Round "1"]
[White "Quanah4"]
[Black "forever"]
[Result "1-0"]
[WhiteElo "1746"]
[BlackElo "1815"]

1. c4 e5 2. g3 Nf6 3. Bg2 d5 4. cxd5 Nxd5 5. e3 Bg4 6. Qxg4 Nb4 7. Qc4 Nd3+ 8.
Ke2 Nxc1+ 9. Qxc1 c6 10. Nc3 f5 11. Nf3 e4 12. Nd4 Qd7 13. a3 c5 14. Nb3 Nc6 15.
Rd1 Qd3+ 16. Ke1 c4 17. Bf1 Qd7 18. Bxc4 O-O-O 19. d3 Qf7 20. Bxf7 1-0

[Event "AUTO-ADV-4555"]
[Site "http://www.queenalice.com/game.php?id=1773742"]
[Date "2021.11.1"]
[Round "1"]
[White "forever"]
[Black "silent1"]
[Result "1-0"]
[WhiteElo "1808"]
[BlackElo "1841"]

1. Nf3 Nf6 2. d4 d5 3. c4 e6 4. a3 c6 5. c5 Nbd7 6. e3 b6 7. b4 Be7 8. Bd3 h6 9.
O-O Ne4 10. Qc2 Nef6 11. Nc3 bxc5 12. bxc5 O-O 13. e4 dxe4 14. Nxe4 Nxe4 15.
Bxe4 Qc7 16. Bb2 Ba6 17. Rfe1 Nf6 18. Rad1 Bb7 19. Ne5 Nxe4 20. Qxe4 Rad8 21.
Re3 Bg5 22. Rg3 Bf6 23. Ng4 Qe7 24. Nxh6+ Kh8 25. Rh3 1-0

[Event "AUTO-ADV-4555"]
[Site "http://www.queenalice.com/game.php?id=1773743"]
[Date "2021.11.1"]
[Round "1"]
[White "silent1"]
[Black "forever"]
[Result "1-0"]
[WhiteElo "1837"]
[BlackElo "1723"]

1. e4 e5 2. Nf3 d6 3. Bc4 h6 4. Nc3 Bg4 5. h3 Bh5 6. O-O Nf6 7. Be2 Nbd7 8. Nh4
Bxe2 9. Qxe2 Nc5 10. d3 Be7 11. Nf5 O-O 12. Nd5 Nxd5 13. exd5 Bg5 14. Qg4 Nd7
15. Nxh6+ Kh7 16. Bxg5 f6 17. Nf5 fxg5 18. Qh5+ Kg8 19. Qg6 Qf6 20. Nh6+ Kh8 21.
Qxf6 Nxf6 22. Nf5 Nxd5 23. Ne3 Nf4 24. Rae1 Rae8 25. Ng4 Nd5 26. a3 Ne7 27. Ne3
Ng6 28. Ng4 Nf4 29. Re4 c6 30. Rfe1 c5 31. f3 Ne6 32. c3 Nc7 33. d4 cxd4 34.
cxd4 exd4 35. Rxe8 Nxe8 36. Re7 d3 37. Re1 Nf6 38. Nxf6 gxf6 39. Rd1 Re8 40.
Rxd3 Re6 41. Kf2 Kg7 42. Re3 Re5 43. Ke2 Kg6 44. Rxe5 fxe5 45. Ke3 d5 46. g3 b5
47. f4 e4 48. fxg5 Kxg5 49. b3 a5 50. Kd4 Kf5 51. Ke3 Kg5 52. Kd4 Kf5 53. Ke3
Kg5 54. h4+ Kf5 55. h5 a4 56. bxa4 bxa4 57. Kf2 d4 58. g4+ 1-0

[Event "AUTO-ADV-4559"]
[Site "http://www.queenalice.com/game.php?id=1774774"]
[Date "2021.11.14"]
[Round "1"]
[White "Nille"]
[Black "forever"]
[Result "1-0"]
[WhiteElo "1731"]
[BlackElo "1839"]

1. e4 e5 2. Nf3 d6 3. Bc4 Nf6 4. Ng5 d5 5. exd5 Nxd5 6. d3 Be7 7. Bxd5 Qxd5 8.
Nc3 Qxg2 9. Qf3 Qxf3 10. Nxf3 Nc6 11. Be3 Bg4 12. Nd2 Bb4 13. Nce4 O-O-O 14. a3
Be7 15. Rg1 f5 16. f3 Bh5 17. Ng3 Bg6 18. Ne2 Bh4+ 19. Bf2 Bxf2+ 20. Kxf2 Rd7
21. b4 Rhd8 22. b5 Ne7 23. a4 b6 24. a5 e4 25. fxe4 fxe4 26. Nf4 Rf8 27. Ke3
Nd5+ 28. Nxd5 Rxd5 29. Nxe4 Rdf5 30. axb6 Rxb5 31. bxc7 Rb7 32. Nd6+ Kxc7 33.
Nxb7 Kxb7 34. Rg5 Rf7 35. Rb5+ Kc6 36. c4 Re7+ 37. Kd2 Be8 38. Rba5 1-0

[Event "AUTO-ADV-4559"]
[Site "http://www.queenalice.com/game.php?id=1774775"]
[Date "2021.11.14"]
[Round "1"]
[White "forever"]
[Black "Nille"]
[Result "1-0"]
[WhiteElo "1825"]
[BlackElo "1768"]

1. Nf3 d5 2. d4 Nf6 3. c4 dxc4 4. Nc3 e6 5. a3 a6 6. e4 Be7 7. Bxc4 h6 8. O-O
Nc6 9. Be3 b5 10. Bb3 Bb7 11. Bc2 Na7 12. Qd3 c5 13. d5 b4 14. axb4 cxb4 15. e5
bxc3 16. exf6 Bxf6 17. bxc3 Qxd5 18. Bd4 Bxd4 19. cxd4 Qh5 20. Ne5 Qg5 21. f3
Rd8 22. Ba4+ Ke7 23. Rab1 Bd5 24. Qxa6 Ra8 25. Rb7+ Kf8 26. Rxa7 Qe3+ 27. Kh1
Rxa7 28. Qxa7 Qf4 29. Qb8+ Ke7 30. Ng6+ fxg6 31. Qxf4 g5 32. Qe5 Kf7 33. Rc1 Ra8
34. Rc7+ Kg6 35. Qxg7+ Kh5 36. g4+ 1-0

[Event "AUTO-ADV-4559"]
[Site "http://www.queenalice.com/game.php?id=1774790"]
[Date "2021.11.14"]
[Round "1"]
[White "attib"]
[Black "forever"]
[Result "0-1"]
[WhiteElo "1724"]
[BlackElo "1828"]

1. d4 c6 2. c4 Nf6 3. Nf3 h6 4. e3 d5 5. c5 Bg4 6. Be2 Nbd7 7. Nc3 e5 8. O-O e4
9. Ne5 Bf5 10. Bh5 g6 11. Nxd7 Nxd7 12. Be2 b6 13. cxb6 axb6 14. Bd2 Bd6 15. a3
Bc7 16. Bg4 Qh4 17. Bxf5 Qxh2# 0-1

[Event "AUTO-ADV-4559"]
[Site "http://www.queenalice.com/game.php?id=1774791"]
[Date "2021.11.14"]
[Round "1"]
[White "forever"]
[Black "attib"]
[Result "0-1"]
[WhiteElo "1702"]
[BlackElo "1764"]

1. Nf3 d5 2. d4 e6 3. c4 Nf6 4. Nc3 c5 5. Bg5 Be7 6. Bxf6 Bxf6 7. e4 dxe4 8.
Nxe4 Be7 9. dxc5 Qa5+ 10. Qd2 Qd8 11. Be2 O-O 12. Qc2 Nc6 13. a3 f5 14. Rd1 Qa5+
15. Qc3 fxe4 16. Nd2 Qc7 17. Nxe4 Qf4 18. Bd3 e5 19. O-O Bg4 20. f3 Bf5 21. Nd6
Bxd3 22. Rxd3 Bxd6 0-1

[Event "AUTO-ADV-4559"]
[Site "http://www.queenalice.com/game.php?id=1774800"]
[Date "2021.11.14"]
[Round "1"]
[White "NickThorp"]
[Black "forever"]
[Result "0-1"]
[WhiteElo "1633"]
[BlackElo "1819"]

1. e4 e5 2. Nf3 d6 3. Bb5+ c6 4. Ba4 Nf6 5. d3 h6 6. Nc3 Be7 7. h3 O-O 8. Be3 d5
9. exd5 Nxd5 10. Nxd5 cxd5 11. Nxe5 Qa5+ 12. Bd2 Qxa4 13. O-O Bd6 14. Nf3 Nd7
15. b3 Qc6 16. a4 Nf6 17. c4 Bc7 18. cxd5 Qd6 19. Qc2 Nxd5 20. Rfe1 Nf4 21. Ne5
Nxh3+ 22. gxh3 Bxh3 23. Re3 Bd7 24. Kf1 Be6 25. Rc1 Bb6 26. f4 f6 27. Nc4 Qxf4+
28. Ke2 Qh2+ 29. Kd1 Bg4+ 30. Ke1 Qg1# 0-1

[Event "AUTO-ADV-4559"]
[Site "http://www.queenalice.com/game.php?id=1774801"]
[Date "2021.11.14"]
[Round "1"]
[White "forever"]
[Black "NickThorp"]
[Result "1-0"]
[WhiteElo "1840"]
[BlackElo "1612"]

1. Nf3 d5 2. d4 Bg4 3. Ne5 Be6 4. e3 Nc6 5. Bb5 a6 6. Ba4 b5 7. Nxc6 Qd6 8. Bxb5
axb5 9. Ne5 Nf6 10. Nc3 Qb4 11. a3 Qa5 12. Qe2 Ne4 13. Qxb5+ Qxb5 14. Nxb5 c6
15. Nc7+ Kd8 16. Nxa8 f6 17. Nxc6+ Kd7 18. Nb4 g6 19. f3 Nd6 20. O-O Bh6 21.
Nb6+ Ke8 22. N6xd5 Kf7 23. e4 Bxc1 24. Raxc1 Rc8 25. Nf4 Nb5 26. c3 Bc4 27. Rfe1
e5 28. Nfd5 exd4 29. cxd4 Bxd5 30. Rxc8 Be6 31. Rd8 Ke7 32. Nc6+ Kf7 33. d5 Bxd5
34. exd5 f5 35. Re6 Kg7 36. g4 fxg4 37. fxg4 Nc7 38. Re7+ 1-0